000 00606nam a2200181Ia 4500
008 100921s9999 xx 000 0 und d
082 _b36859
_a891.463 न 02
100 _aफडके गीता.
245 _aरेशीमबंध.
260 _bफडके गीता घनश्याम,रत्नागिरी.
_c2002
300 _a156
_bरसिक साहित्य,पुणे
365 _b120
520 _aललित-कथा.
630 _aरेशीमबंध.
650 _aललित-कथा.
730 _aरेशीमबंध.
942 _cBOOK
999 _c785972
_d785969